000 00805nam a2200217 i 4500
001 125285
003 ES-MaACL
005 20250825062608.0
007 t|
008 070509s1929 sp ||||1| spa d
080 _a860.22"19"
100 1 _aSan José, Diego,
_d1884-1962
_9102241
245 1 3 _aLa gitanilla
_b: comedia en un prólogo y tres jornadas, compuesta en prosa, sobre la inmortal novela que Cervantes escribió con igual título /
_cDiego San José.
260 _aMadrid :
_bPrensa Moderna,
_c1929.
300 _a54 p. ;
_c17 cm.
490 1 _aEl Teatro moderno ;
_v211
500 _aEstrenada en el Teatro de la Latina, la noche del 7 de enero de 1926.
830 0 3 _aEl teatro moderno (Prensa Moderna)
_v211
_9182365
852 _aES-MaACL
_j2224-F-11
_bR.140763
999 _c125285
_d125285